|
|
|
|
| LEADER |
02602nam a2200649 a 4500 |
| 001 |
nkc20112172390 |
| 003 |
CZ PrNK |
| 005 |
20180531113339.0 |
| 007 |
ta |
| 008 |
110303s2010 xr a f 000 0 cze |
| 015 |
|
|
|a cnb002172390
|
| 020 |
|
|
|a 978-80-244-2642-6
|q (brož.)
|
| 035 |
|
|
|a (OCoLC)730407751
|
| 040 |
|
|
|a OLA001
|b cze
|
| 041 |
0 |
|
|a cze
|b eng
|
| 043 |
|
|
|a e-xr---
|
| 072 |
|
7 |
|a 316.4/.7
|x Sociální interakce. Sociální komunikace
|2 Konspekt
|9 18
|
| 080 |
|
|
|a 316.346.32-053.67
|2 MRF
|
| 080 |
|
|
|a 316.624
|2 MRF
|
| 080 |
|
|
|a 159.9.072.5
|2 MRF
|
| 080 |
|
|
|a 316.6:001.891
|2 MRF
|
| 080 |
|
|
|a (437.3)
|2 MRF
|
| 080 |
|
|
|a (048.8)
|2 MRF
|
| 080 |
|
|
|a (047.31)
|2 MRF
|
| 100 |
1 |
|
|a Dolejš, Martin,
|d 1980-
|7 xx0100059
|4 aut
|
| 245 |
1 |
0 |
|a Efektivní včasná diagnostika rizikového chování u adolescentů /
|c Martin Dolejš
|
| 250 |
|
|
|a 1. vyd.
|
| 260 |
|
|
|a Olomouc :
|b Univerzita Palackého v Olomouci,
|c 2010
|
| 300 |
|
|
|a 189 s. :
|b barev. il. ;
|c 21 cm
|
| 490 |
1 |
|
|a Monografie
|
| 500 |
|
|
|a Nad názvem: Univerzita Palackého v Olomouci, Filozofická fakulta
|
| 500 |
|
|
|a Část. tištěno napříč
|
| 504 |
|
|
|a Obsahuje bibliografii, bibliografické odkazy a rejstříky
|
| 521 |
8 |
|
|a Určeno pro studenty psychologie
|
| 546 |
|
|
|a Anglické resumé
|
| 650 |
0 |
7 |
|a adolescenti
|7 ph195464
|z Česko
|2 czenas
|
| 650 |
0 |
7 |
|a rizikové chování
|7 ph126809
|2 czenas
|
| 650 |
0 |
7 |
|a psychodiagnostika
|7 ph115947
|2 czenas
|
| 650 |
0 |
7 |
|a sociálněpsychologický výzkum
|7 ph125772
|z Česko
|2 czenas
|
| 650 |
0 |
9 |
|a adolescents
|z Czechia
|2 eczenas
|
| 650 |
0 |
9 |
|a risk behavior
|2 eczenas
|
| 650 |
0 |
9 |
|a psychodiagnostics
|2 eczenas
|
| 650 |
0 |
9 |
|a social psychological research
|z Czechia
|2 eczenas
|
| 655 |
|
7 |
|a monografie
|7 fd132842
|2 czenas
|
| 655 |
|
7 |
|a výzkumné zprávy
|7 fd131869
|2 czenas
|
| 655 |
|
9 |
|a monographs
|2 eczenas
|
| 655 |
|
9 |
|a research reports
|2 eczenas
|
| 710 |
2 |
|
|a Univerzita Palackého.
|b Filozofická fakulta
|7 kn20010709373
|
| 810 |
2 |
|
|a Univerzita Palackého.
|t Monografie
|0 s
|
| 856 |
4 |
1 |
|u http://www.digitalniknihovna.cz/mzk/uuid/uuid:08b6d360-58e3-11e8-9a07-005056827e52
|y Digitalizovaný dokument
|x NDK
|
| 910 |
2 |
|
|a BOA001
|b 2-1260.842
|
| 990 |
|
|
|a BK
|
| 995 |
|
|
|a 01
|
| 991 |
|
|
|b 201104
|c NOV
|j 316.3 DOL
|e n
|
| 996 |
6 |
|
|b 2610473113
|c 2-1260.842
|l MZK
|r Sklad / do 1 hodiny
|n 11
|p p.v.
|w 001171928
|u 000010
|a 1
|e BOA001
|j MZK50
|s P
|
| 996 |
7 |
|
|b 2610473625
|c 2-1260.842
|l Vol.výběr
|r VV 0p
|n 26
|p kup
|h 316.3 DOL
|w 001171928
|u 000020
|a 0
|e BOA001
|j MZK50
|s A
|
| 996 |
7 |
|
|b 2610473626
|c 2-1260.842
|l Vol.výběr
|r VV 0p
|n 33
|p kup
|h 316.3 DOL
|w 001171928
|u 000030
|a 0
|e BOA001
|j MZK50
|s A
|